000 00603nam a22002057a 4500
999 _c9274
_d9274
003 AR-CdUCM
008 190327b ||||| |||| 00| 0 spa d
020 _a978-958-06-1153-0
040 _aMUNICIPALIDAD PROVINCIAL DEL CUSCO
_cBIBLIOTECA MUNICIPAL DEL CUSCO
082 _a869.56 /
_bC59
100 _aVentura, Clara Bella
_925372
245 _aEros en...canto /
260 _aLima :
_bEditorial Oveja Negra,
_c2010.
300 _a114 paginas ;
_c21 cm.
505 _aContenido : Poesías /
650 _aLiteratura peruana
_9169
650 _aPoesia
_91598
942 _2ddc
_cLIBROS
945 _arjall